LEADER 01288nam a2200241 i 4500 001 000000161295 003 CaOOAMICUS 005 20250710165730.0 008 070511s1953 it u000 u ita u 040 $aSeMil$bita 100 1 $aTrevisani, Piero,$d<1886-1969>.$0(OLS)http://semarc/name/40214 245 10$aStoria della stampa :$bcon premessa generale all'Enciclopedia poligrafica /$cPiero Trevisani. 264 1$aRoma :$bRaggio,$c1953. 300 $aXXII, 377 p., 19 c. di tav. :$bill. ;$c32x25 cm. 490 1 $aEnciclopedia poligrafica dedicata ai grafici di ogni specializzazione e agli studiosi di tecnica ed estetica grafica ;$vA1 650 4$aStampa - Storia.$0(OLS)http://semarc/subject/9497 830 0$aEnciclopedia poligrafica dedicata ai grafici di ogni specializzazione e agli studiosi di tecnica ed estetica grafica ;$vA1.$0(OLS)http://semarc/title/23507 850 $aSeMil 852 $aSeMil$W1$xVenegono$y1$m3Y VI 25$j259554$B244745$CSeMilBibl$Z2$F244745 $81 961 $aCon dedica autografa dell'autore (Piero Trevisani), 1954 996 $6245$aStoria della stampa :$bcon premessa generale all'Enciclopedia poligrafica$9(OLS)http://semarc/title/144355 996 $6264$aRoma :$bRaggio$9(OLS)http://semarc/publisher/34718 LEADER 01296nam a2200277 i 4500 001 000000185382 003 CaOOAMICUS 005 20100202000000.0 008 100202s2007 it u000 u ita u 013 $a163385 020 $a978-88-238-5075-0 040 $aSeMil$bita 100 1 $aRuozi, Roberto,$d<1939- >.$0(OLS)http://semarc/name/68119 245 12$aL'ora dei capitali :$bnuove opportunitą finanziarie per le medie imprese italiane /$cRoberto Ruozi ; Pierpaolo Ferrari ; prefazione di Stefano L. Di Tommaso. 260 $aMilano :$bEgea,$c2007. 300 $aXIII, 213 p. :$bgrafici, tabelle ;$c23 cm. 500 $aContiene : Bibliografia. 650 4$aMedie imprese - Gestione finanziaria.$0(OLS)http://semarc/subject/35007 700 1 $aDi Tommaso, Stefano L.$0(OLS)http://semarc/name/68121 700 1 $aFerrari, Pierpaolo.$0(OLS)http://semarc/name/68120 850 $aSeMil 852 $aSeMil$W1$xVenegono$y1$m3M V 195$j136073$B136073$CSeMilBibl$Z2$F148141 $81 961 $aOmaggio: Scalvinoni Elena 996 $6020$a978-88-238-5075-0$9(OLS)http://semarc/number/175514 996 $6245$aL'ora dei capitali :$bnuove opportunitą finanziarie per le medie imprese italiane$9(OLS)http://semarc/title/266384 996 $6260$aMilano :$bEgea$9(OLS)http://semarc/publisher/33883 LEADER 01144nam a2200265 i 4500 001 000000127543 003 CaOOAMICUS 005 20040619000000.0 008 040619s1966 it u000 u ita u 013 $a100253 040 $aSeMil$bita 100 1 $aPhilippe, Charles-Louis.$0(OLS)http://semarc/name/53058 240 10$aBubu de Montparnasse.$0(OLS)http://semarc/title/408034 240 10$aCroquignole.$0(OLS)http://semarc/title/188250 245 10$aBubu di Montparnasse. Croquignole /$cCharles-Louis Philippe ; versione di Giuliano Gramigna. 260 $a[Milano] :$bGarzanti,$c1966. 300 $a231 p. ;$c18 cm. 490 0 $aGarzanti per tutti. I grandi libri ;$v44 700 1 $aGramigna, Giuliano <1920- >.$0(OLS)http://semarc/name/25171 830 0$aGarzanti per tutti. I grandi libri ;$v44.$0(OLS)http://semarc/title/15463 850 $aSeMil 852 $aSeMil$W1$xVenegono$y1$m60 60 44 *$j81829$B81829$CSeMilBibl$Z2$F84013 $81 961 $aRecupero: Deposito 996 $6245$aBubu di Montparnasse. Croquignole$9(OLS)http://semarc/title/188251 996 $6260$a[Milano] :$bGarzanti$9(OLS)http://semarc/publisher/31829